| 000 | 00348 a2200145 4500 | ||
|---|---|---|---|
| 001 | 149673 | ||
| 040 | _cEscola São Tomás de Aquino | ||
| 100 | _aSANTOS, Joel Rufino dos | ||
| 240 | 1 | 0 |
_aO burro falante _lpor |
| 245 | 1 | 0 | _aO burro falante |
| 300 | _a31 | ||
| 362 | 0 | _a1993 | |
| 697 | _aContos de Fadas e Clássicos da Literatura | ||
| 942 | _cBK | ||
| 999 |
_c149673 _d149673 |
||